Estadísticas para Formas de Países en mi Hamburguesa

Haz click aquí para intentar la prueba.

Estadísticas generales

  • Esta prueba ha sido intentada 1.786 veces
  • La puntuación promedio es 11 de 18

Respuestas en el mapa

Las respuestas están codificadas por una escala verde-roja en el mapa de la prueba según el % correcto abajo.
 

Estadísticas de respuestas

País% Correcto
India
98%
Chipre
87%
Portugal
84%
Sri Lanka
83%
Austria
73%
Bosnia y Herzegovina
64%
Mongolia
64%
Túnez
64%
Nicaragua
61%
Taiwán
61%
Nepal
57%
Togo
48%
Eslovaquia
47%
Israel
45%
Timor Oriental
41%
Fiyi
36%
Belice
30%
Cabo Verde
26%

Distribución de puntuación

Porcentaje por número respondido

Porcentaje de gente con cada puntuación

Historial de tus puntuaciones

No has intentado esta prueba.